00645nam a2200181 a 450000100100000000500170001000800410002704000250006808200130009310000270010624500420013326000500017530000210022550000740024604900090032095201170032999900170044600002564520200930023935.0110218s1961 xxc r 000 0 eng d aDO-SdBNPbengcBNPHU ann*bnn*1 aRoss, Murray G.95238014aThe new university /cMurray G. Ross. aCanada :bUniversity of Toronto Press,c1961. a110 p. ;c22 cm. aIncluye referencias bibliográficas y notas al pie de las páginas. aBNGR 001054708MOaGRbGRcCTd2011-02-18iLF1l0onn* nn*p25645-10r2020-06-25w2020-06-25y4ZPréstamo en sala c25137d25137